000 00453nmm a2200145Ia 4500
008 251105s9999||||xx |||||||||||||||||und||
041 _aspa
100 _aPeralta, Jorge Luis (ed.)
245 0 _aAntes del orgullo :
_b Recuperando la memoria gay
264 _a[Madrid, España] :
_bEditorial Egales,
_c2020
300 _a261 páginas
650 _aSocial Sciences (General)
856 _uhttps://public.digitaliapublishing.com/a/136995
942 _cCF
999 _c106690
_d106690